000 00502nam a22001697a 4500
001 196027
003 OSt
005 20240814121428.0
008 240814b |||||||| |||| 00| 0 POR d
020 _a9789726506591
040 _aColégio Cândido Portinari
_bPortuguês
_cColégio Cândido Portinari
082 _a028.5
100 _aCela, Daniel
_92113
245 _aConta-me coisas do teu país: 30 e-mails para a diversidade
260 _aSão Paulo: Didática editora, 2005.
942 _2udc
_cBK
_n0
999 _c196027
_d196027